00377nam a2200157Ia 450000500170000000800410001704000190005804100120007708200160008910000110010524500340011626000400015030000090019065000100019985000100020920240814093823.0131103s9999 xx 000 0 und d aLoreto College aEnglish a891.43bGOU aGoutam aHindi bakyaran piyushcGoutam aKolkatabAshok pustak mandirc[19?] a92p  aHindi aLCBED